LEADER 01079nam0-22003371i-450- 001 990002902490403321 010 $a1-901615-07-3 035 $a000290249 035 $aFED01000290249 035 $a(Aleph)000290249FED01 035 $a000290249 100 $a20000920d1997----km-y0itay50------ba 101 0 $aENG 200 1 $a<>short note on ARMA (1,1) investiment rates of return and pension funding$fC.F.W. Wong and S. Haberman 210 $aLondon$cCity University$d1997 215 $a22 p.$d29 cm 225 1 $aActuarial research paper$fDepartment of Actuarial Science and Statistics / City University London$v97 610 0 $aMatematica attuariale 610 0 $aFondi pensione 610 0 $aAssicurazioni 676 $a368.4 700 1$aWong,$bC.F.W.$0374462 702 1$aHaberman,$bS. 801 0$aIT$bUNINA$gRICA$2UNIMARC 901 $aBK 912 $a990002902490403321 952 $aMVI-B-19$b7107$fMAS 959 $aMAS 996 $aShort note on ARMA (1,1) investiment rates of return and pension funding$9466459 997 $aUNINA DB $aING01 LEADER 00850nam a22002531i 4500 001 991003716469707536 005 20030917162719.0 008 031111s1981 fr |||||||||||||||||fre 020 $a2080643630 035 $ab12464788-39ule_inst 035 $aARCHE-049807$9ExL 040 $aDip.to Lingue$bita$cA.t.i. Arché s.c.r.l. Pandora Sicilia s.r.l. 082 04$a843.91 100 1 $aOllier, Claude$0196484 245 10$aNebules /$cClaude Ollier 260 $aParis :$bFlammarion,$c1981 300 $a194 p. ;$c20 cm 440 0$aTextes Flammarion 907 $a.b12464788$b02-04-14$c13-11-03 912 $a991003716469707536 945 $aLE012 848.914 OLL 7$g1$i2012000153882$lle012$o-$pE0.00$q-$rl$s- $t0$u0$v0$w0$x0$y.i12895155$z13-11-03 996 $aNebules$9181472 997 $aUNISALENTO 998 $ale012$b13-11-03$cm$da $e-$ffre$gfr $h0$i1